| 000 | 00525cam a2200205ua 4500 | ||
|---|---|---|---|
| 001 | 8716 | ||
| 008 | 150213n xxk |||gr||||Z||||||eng | ||
| 020 | _a9780340761915 | ||
| 040 | _cMAIN | ||
| 041 | _aeng | ||
| 082 | _a808.1 | ||
| 100 |
_aRice, P., _eEditor. |
||
| 245 | 1 |
_aModern literary theory : _bReader / _cEdited by Philip Rice . |
|
| 250 | _a4th. | ||
| 260 |
_aLondon: _bHodder, _c2001. |
||
| 300 | _axv,492p. | ||
| 653 | _aRhetoric & collections of literature | ||
| 653 | _aModern literary theory | ||
| 942 | _cBK | ||
| 999 |
_c7813 _d7813 |
||